KOHA-Header-6

Quantitative Methods for Banking and Finance (Record no. 6129)

000 -LEADER
fixed length control field 00286nam a2200109Ia 4500
008 - FIXED-LENGTH DATA ELEMENTS--GENERAL INFORMATION
fixed length control field 190906s9999||||xx |||||||||||||| ||und||
100 ## - MAIN ENTRY--PERSONAL NAME
Personal name A.S.Ramasastri
245 #0 - TITLE STATEMENT
Title Quantitative Methods for Banking and Finance
260 ## - PUBLICATION, DISTRIBUTION, ETC. (IMPRINT)
Place of publication, distribution, etc New Delhi
Name of publisher, distributor, etc Mac Meillan
Date of publication, distribution, etc 2008
300 ## - PHYSICAL DESCRIPTION
Extent 125
942 ## - ADDED ENTRY ELEMENTS (KOHA)
Koha item type Books
Holdings
Withdrawn status Lost status Damaged status Not for loan Permanent Location Current Location Date acquired Full call number Barcode Date last seen Price effective from Koha item type
        MAJU MAJU 2019-09-06 658.4 5782 2019-09-06 2019-09-06 Books

Powered by Koha